ბათუმის შოთა რუსთაველის სახელმწიფო უნივერსიტეტის ბიბლიოთეკა

ეკონომიკა: ECONOMICS: 3-4. 2016 (ბიბ.ჩანაწერი № 51822)

000 -LEADER
fixed length control field 00920nam a2200217Ia 4500
001 - CONTROL NUMBER
control field 18817
003 - CONTROL NUMBER IDENTIFIER
control field GE_BSU
008 - FIXED-LENGTH DATA ELEMENTS--GENERAL INFORMATION
fixed length control field 181216s||||||||xx |||||||||||||| ||und||
040 ## - CATALOGING SOURCE
Transcribing agency GE_BSU
245 ## - TITLE STATEMENT
Title ეკონომიკა: ECONOMICS: 3-4. 2016
245 ## - TITLE STATEMENT
Remainder of title ყოველთვიური საერთაშორისო რეცენზირებადი და რეფერირებადი სამეცნიერო ჟურნალი.
245 ## - TITLE STATEMENT
Statement of responsibility, etc. მთ.რედ:რ.შენგელია.
250 ## - EDITION STATEMENT
Edition statement ჟურნალი გამოდის 1918 წლიდან.
260 ## - PUBLICATION, DISTRIBUTION, ETC.
Place of publication, distribution, etc. თბილისი
260 ## - PUBLICATION, DISTRIBUTION, ETC.
Date of publication, distribution, etc. 2016
300 ## - PHYSICAL DESCRIPTION
Extent 343 გვ; 20 სმ.
520 ## - SUMMARY, ETC.
Summary, etc. მეცნიერება,პრაქტიკა,გამოცდილება.
653 ## - INDEX TERM--UNCONTROLLED
Uncontrolled term ეკონომიკა.
653 ## - INDEX TERM--UNCONTROLLED
Uncontrolled term პერიოდიკა
942 ## - ADDED ENTRY ELEMENTS (KOHA)
Koha item type პერიოდიკა
ეგზემპლარები
Withdrawn status Lost status Damaged status Not for loan Date acquired Barcode Date last seen Price effective from Koha item type
        2018-12-17 p77679 2018-12-17 2018-12-17 პერიოდიკა